000 00740nam a2200181 a 4500
008 120416s1999 ||||||||||||||||| || u
020 _a0074633317
050 _aTA 683.2 Pil
100 _aPillai, Unnikrishna S
245 1 0 _aReinforced concrete design
260 _aNew Delhi
_bTata McGraw-Hill
_c1999
300 _axix ; 762p. ;ill.
350 _a0.00
650 _aCONCRETE DESIGN
650 _aCONCRETE
995 _aMAIN LIBRARY OPEN ACCESS
_D0.00
_e733065
_FCBU-MAIN LIBRARY (Kitwe)
_H2
_I65.00
_jTA 683.2 Pil
_M2
_UAVAILABLE
_y029900
_ZMain Library Open Access Collection
995 _aBINDERY (DAMAGED)
_D0.00
_e733066
_FCBU-MAIN LIBRARY (Kitwe)
_H1
_I65.00
_jTA 683.2 Pil
_M1
_UDAMAGED
_WApr 24, 2006
_y029899
_ZMain Library Open Access Collection
999 _c80030
_d80030